5HLuxD.jpg

KING HENRY VIII SENIOR AND PRIMARY SCHOOL LIBRARY OPAC

JIGGY'S MAGIC BALL (Record no. 4821)

000 -LEADER
fixed length control field 00324nam a22001217a 4500
008 - FIXED-LENGTH DATA ELEMENTS--GENERAL INFORMATION
fixed length control field 250324b ||||| |||| 00| 0 eng d
020 ## - INTERNATIONAL STANDARD BOOK NUMBER
International Standard Book Number 9781408308035
082 ## - DEWEY DECIMAL CLASSIFICATION NUMBER
Classification number FIC LAW
100 ## - MAIN ENTRY--PERSONAL NAME
Personal name LAWRENCE,MICHAEL
Relator term AUTHOR
245 ## - TITLE STATEMENT
Title JIGGY'S MAGIC BALL
260 ## - PUBLICATION, DISTRIBUTION, ETC.
Place of publication, distribution, etc. 338 EUSTON ROAD,LONDON NW1 3BH
Name of publisher, distributor, etc. ORCHARD BOOKS
Date of publication, distribution, etc. 2010
942 ## - ADDED ENTRY ELEMENTS (KOHA)
Source of classification or shelving scheme
Holdings
Withdrawn status Lost status Source of classification or shelving scheme Damaged status Not for loan Collection code Permanent Location Current Location Shelving location Date acquired Full call number Barcode Date last seen Price effective from Koha item type Public note
          Fiction KH8 Primary School Library KH8 Primary School Library Fiction 2025-03-24 FIC LAW KHPL000006661 2025-12-05 2025-03-24 Books - Fiction KH8 PRIMARY LIBRARY

Powered By KH8 IT Dept